Most Common Words in English - Statistics

General Stats
  • This quiz has been taken 225 times
  • The average score is 23 of 40
Answer Stats
Word % Correct
A
96%
I
96%
The
94%
He
86%
An
85%
She
77%
You
76%
It
74%
Do
73%
In
72%
We
72%
Be
71%
On
71%
And
70%
To
69%
They
66%
Of
65%
Her
64%
What
55%
My
54%
That
54%
This
52%
Not
51%
There
51%
His
49%
Their
49%
By
48%
At
46%
For
46%
Have
46%
As
44%
But
39%
With
36%
One
35%
From
33%
Or
33%
Will
33%
All
29%
Say
29%
Would
22%
No matching quizzes found
Score Distribution
Percent of People with Each Score
Percentile by Number Answered
Your Score History
You have not taken this quiz